Statistics for Overwatch All Hero Quiz(All 30)

Click here to take the quiz!

General Stats

  • This quiz has been taken 13 times
    (2 since last reset)
  • The average score is 13 of 31

Answer Stats

Class Hero # Hero % Correct
Damage1Tracer
100%
Tank8Reinhardt
100%
Damage20Genji
100%
Damage19Mei
100%
Damage2Hanzo
100%
Damage9Widowmaker
100%
Damage12Symmetra
100%
Support22Ana
100%
Support4Mercy
100%
Damage7Reaper
50%
Tank6Winston
50%
Damage29Ashe
50%
Damage13McCree
50%
Damage15Soldier 76
50%
Support5Zenyatta
50%
Damage17Junkrat
50%
Damage25Doomfist
50%
Tank28Wrecking Ball
0%
Tank24Orisa
0%
Support27Brigitte
0%
Support26Moira
0%
Support30Baptise
0%
Support16Lucio
0%
Damage23Sombra
0%
Tank21D.va
0%
Tank18Roadhog
0%
Tank14Zarya
0%
Damage11Bastion
0%
Damage10Torbjorn
0%
Damage3Pharah
0%
Tank31Sigma
0%

Score Distribution

Percentile by Number Answered

Percent of People with Each Score

Your Score History

You have not taken this quiz since the last reset